000
00231nam a2200097Ia 4500
001
956431
005
20250826215824.0
008
250824s9999 xx 000 0 und d
245
0
_a
DON KİŞOT
_c
CERVANTES
260
_b
ANONİM YAYINLARI
999
_c
956431
_d
956431